书目信息 |
| 题名: |
苏轼:诗酒年华尽天真
|
|
| 作者: | ;崔若玮 绘 ;国家人文历史 著 | |
| 分册: | ||
| 出版信息: | 北京 中信出版集团股份有限公司 2024.08 |
|
| 页数: | 101页 | |
| 开本: | 24cm | |
| 丛书名: | 你好!大诗人 | |
| 单 册: | ||
| 中图分类: | K825.6=441 , I207.227.441 | |
| 科图分类: | ||
| 主题词: | ||
| 电子资源: | ||
| ISBN: | 978-7-5217-5188-8 | |
| 000 | 01120nam 2200313 450 | |
| 001 | CAL 012024138144 | |
| 005 | 20251023101025.86 | |
| 010 | @a978-7-5217-5188-8@dCNY38.00 | |
| 099 | @aCAL 012024138144 | |
| 100 | @a20241209d2024 demy0chiy0120 ea | |
| 101 | 0 | @achi |
| 102 | @aCN@b110000 | |
| 105 | @aa z 000yd | |
| 106 | @ar | |
| 200 | 1 | @a苏轼:诗酒年华尽天真@Asu shi : shi jiu nian hua jin tian zhen@f《国家人文历史》著@g崔若玮绘 |
| 210 | @a北京@c中信出版集团股份有限公司@d2024.08 | |
| 215 | @a101页@c彩图@d24cm | |
| 225 | 2 | @a你好!大诗人@Ani hao ! da shi ren |
| 330 | @a本书内容包括:大家好,我是苏轼;苏轼的家谱树;第一章苏轼和他的时代;第二章苏轼阅读指南;第三章苏轼的遗产。 | |
| 410 | 0 | @12001 @a你好!大诗人 |
| 600 | 0 | @a苏轼,@Asu shi@f1036-1101@x生平事迹@j青少年读物 |
| 600 | 0 | @a苏轼,@Asu shi@f1036-1101@x诗歌欣赏@j青少年读物 |
| 690 | @aK825.6=441@v5 | |
| 690 | @aI207.227.441@v5 | |
| 702 | 0 | @a崔若玮@Acui ruo wei@4绘 |
| 711 | 02 | @a国家人文历史@Aguo jia ren wen li shi@4著 |
| 801 | 0 | @aCN@c20250920 |
| 905 | @a河南城建学院图书馆@dK825.6=441@eS854/7@ZS854/7@f1 | |
| 998 | @aHQWY | |
| 苏轼:诗酒年华尽天真/《国家人文历史》著/崔若玮绘.-北京:中信出版集团股份有限公司,2024.08 |
| 101页:彩图;24cm.-(你好!大诗人) |
| ISBN 978-7-5217-5188-8:CNY38.00 |
| 本书内容包括:大家好,我是苏轼;苏轼的家谱树;第一章苏轼和他的时代;第二章苏轼阅读指南;第三章苏轼的遗产。 |
| ● |
| 相关链接 |
|
|
|
正题名:苏轼:诗酒年华尽天真
索取号:K825.6=441/S854/7
 
预约/预借
| 序号 | 登录号 | 条形码 | 馆藏地/架位号 | 状态 | 备注 |
| 1 | 1637878 | 216378783 | 社科库309/309社科库 53排3列6层/ [索取号:K825.6=441/S854/7] | 在馆 |